000
00428nam a2200133Ia 4500
008
100328s9999 xx 000 0 und d
082
_b
70949
100
_a
शिरसाठ शेखर
245
_a
विविध खेळ आणि नियम
260
_b
साकेत
630
_a
विविध खेळ आणि नियम
730
_a
विविध खेळ आणि नियम
942
_c
BOOK
999
_c
556674
_d
556671